[Event "Donskoj"]
[Site "Donskoj"]
[Date "2018.03.12"]
[Round "6"]
[White "Kravchenko, Alexander"]
[Black "Garayev, Kanan Farzali Oglu"]
[Result "0-1"]
[WhiteElo "1829"]
[BlackElo "2252"]
[PlyCount "86"]
[EventDate "2018.03.09"]
[EventType "tourn"]
[EventRounds "13"]
[EventCountry "RUS"]
[EventCategory "1"]
[SourceTitle "CBM 183 Extra"]
[Source "ChessBase"]
[SourceDate "2018.04.19"]
[SourceVersion "1"]
[SourceVersionDate "2018.04.19"]
[SourceQuality "1"]

1. e4 e6 2. d4 d5 3. Nd2 dxe4 4. Nxe4 Nf6 5. Bg5 Be7 6. Bxf6 gxf6 7. Nf3 f5 8. Nc3 a6 9. g3 b5 10. Bg2 Bb7 11. 0-0 c5 12. d5 b4 13. dxe6 bxc3 14. exf7+ Kf8 15. bxc3 Qxd1 16. Raxd1 Bf6 17. Rd6 Ke7 18. Rb6 Be4 19. Nh4 Nd7 20. Bxe4 fxe4 21. Nf5+ Kxf7 22. Rc6 Ne5 23. Rxc5 Rhd8 24. Kg2 Rd2 25. Re1 Ng4 26. Rxe4 Nxf2 27. Rc7+ Kg6 28. Ne7+ Kg5 29. h4+ Kh5 30. Rc5+ Kh6 31. Nf5+ Kg6 32. h5+ Kxh5 33. Nd6+ Kg6 34. Kf3 Nxe4 35. Nxe4 Rxc2 36. Rc6 Rf8 37. Rxa6 Kg7 38. Ke3 Bxc3 39. Kd3 Rc1 40. Ra7+ Kg6 41. Ra6+ Kf5 42. g4+ Kxg4 43. Nxc3 Rf3+ 0-1

[Event "Reviakino"]
[Site "Reviakino"]
[Date "2017.12.25"]
[Round "7"]
[White "Kravchenko, Alexander"]
[Black "Gusev, Aleksey"]
[Result "0-1"]
[WhiteElo "1851"]
[BlackElo "2398"]
[PlyCount "82"]
[EventDate "2017.12.22"]
[EventType "tourn"]
[EventRounds "13"]
[EventCountry "RUS"]
[SourceTitle "CBM 182 Extra"]
[Source "ChessBase"]
[SourceDate "2018.02.23"]
[SourceVersion "1"]
[SourceVersionDate "2018.02.23"]
[SourceQuality "1"]

1. d4 d5 2. c4 c6 3. Nc3 e6 4. e4 dxe4 5. Nxe4 Bb4+ 6. Bd2 Bxd2+ 7. Qxd2 Nf6 8. Nxf6+ Qxf6 9. Nf3 0-0 10. Bd3 c5 11. 0-0 cxd4 12. Nxd4 Rd8 13. Nb5 Na6 14. Rad1 Bd7 15. Qe3 Qxb2 16. Bxh7+ Kxh7 17. Rd4 Bxb5 18. Qd3+ g6 19. Rxd8 Rxd8 20. Qxd8 Bc6 21. Rd1 Kg7 22. h3 Qf6 23. Qa5 e5 24. h4 Qf4 25. Re1 Nb8 26. Rxe5 Nd7 27. Re3 Nf6 28. Qc3 Qxh4 29. Rd3 Qg4 30. f3 Qf4 31. c5 g5 32. Rd6 Kg6 33. Qd3+ Qf5 34. Qd4 a5 35. a3 a4 36. Rd8 Bd5 37. Qxa4 g4 38. fxg4 Qb1+ 39. Kf2 Ne4+ 40. Ke3 Qc1+ 41. Kd4 Qxc5+ 0-1

[Event "Reviakino"]
[Site "Reviakino"]
[Date "2017.12.23"]
[Round "2"]
[White "Kozlov, Mikhail P"]
[Black "Kravchenko, Alexander"]
[Result "1/2-1/2"]
[WhiteElo "2160"]
[BlackElo "1851"]
[PlyCount "97"]
[EventDate "2017.12.22"]
[EventType "tourn"]
[EventRounds "13"]
[EventCountry "RUS"]
[SourceTitle "CBM 182 Extra"]
[Source "ChessBase"]
[SourceDate "2018.02.23"]
[SourceVersion "1"]
[SourceVersionDate "2018.02.23"]
[SourceQuality "1"]

1. d4 d5 2. c4 e6 3. Nc3 Nf6 4. Nf3 Be7 5. Bf4 0-0 6. e3 c5 7. dxc5 Bxc5 8. Qc2 Nc6 9. a3 Qa5 10. 0-0-0 Be7 11. g4 dxc4 12. Bxc4 e5 13. g5 exf4 14. gxf6 Bxf6 15. Nd5 Ne7 16. Nxf6+ gxf6 17. Rhg1+ Kh8 18. Qe4 Ng6 19. Qd4 Qb6 20. exf4 Qxd4 21. Rxd4 Bf5 22. b4 a6 23. Kd2 b5 24. Bd3 Bxd3 25. Kxd3 a5 26. Rc1 Rfe8 27. Rc5 axb4 28. axb4 Ra3+ 29. Rc3 Ra2 30. Rc2 Rxc2 31. Kxc2 Re2+ 32. Rd2 Rxd2+ 33. Kxd2 Nxf4 34. Nd4 Nd5 35. Nxb5 Nxb4 36. Kc3 Nc6 37. Nd6 Kg7 38. Kd3 Kg6 39. Ke4 Ne7 40. Kf4 f5 41. h4 h6 42. Ke5 h5 43. Kf4 f6 44. Ke3 Nd5+ 45. Kd3 Nf4+ 46. Ke3 Ng2+ 47. Kf3 Ne1+ 48. Ke3 Ng2+ 49. Kf3 1/2-1/2

[Event "Bolkhov"]
[Site "Bolkhov"]
[Date "2017.10.05"]
[Round "10"]
[White "Kravchenko, Alexander"]
[Black "Kurilin, Alexander"]
[Result "0-1"]
[WhiteElo "1894"]
[BlackElo "2278"]
[PlyCount "110"]
[EventDate "2017.09.30"]
[EventType "tourn"]
[EventRounds "13"]
[EventCountry "RUS"]
[SourceTitle "CBM 181 Extra"]
[Source "ChessBase"]
[SourceDate "2017.12.12"]
[SourceVersion "1"]
[SourceVersionDate "2017.12.12"]
[SourceQuality "1"]

1. d4 d5 2. c4 e6 3. Nc3 c6 4. e4 dxe4 5. Nxe4 Bb4+ 6. Bd2 Qxd4 7. Bxb4 Qxe4+ 8. Be2 Na6 9. Bc3 f6 10. Nf3 Ne7 11. 0-0 0-0 12. Re1 Qg6 13. Nh4 Qh6 14. g3 e5 15. Qd6 Nf5 16. Nxf5 Bxf5 17. Rad1 Rf7 18. h4 Rd7 19. Qa3 Qg6 20. Rxd7 Bxd7 21. Qe7 Qf7 22. Qxf7+ Kxf7 23. Rd1 Be6 24. b3 Nc5 25. Kg2 Bf5 26. Bf3 Nd3 27. g4 Nf4+ 28. Kg3 Bd3 29. Bd2 Ne2+ 30. Bxe2 Bxe2 31. Re1 Bd3 32. Bc3 e4 33. f3 Re8 34. fxe4 Rxe4 35. Rxe4 Bxe4 36. a3 g6 37. Kf4 Bc2 38. b4 Ke6 39. c5 Bb1 40. Bb2 f5 41. gxf5+ Bxf5 42. Kg5 Kd5 43. Kh6 Kc4 44. h5 Kb3 45. Bc1 gxh5 46. Kxh5 Kc2 47. Bf4 Kb2 48. Kg5 Bd3 49. Kf6 Kxa3 50. Bd2 b6 51. Ke5 bxc5 52. bxc5 Ka4 53. Kd6 Kb5 54. Be3 h5 55. Bf2 a5 0-1

[Event "Bolkhov"]
[Site "Bolkhov"]
[Date "2017.10.04"]
[Round "8"]
[White "Kravchenko, Alexander"]
[Black "Postypalskiy, Mihail"]
[Result "0-1"]
[WhiteElo "1894"]
[BlackElo "2378"]
[PlyCount "48"]
[EventDate "2017.09.30"]
[EventType "tourn"]
[EventRounds "13"]
[EventCountry "RUS"]
[SourceTitle "CBM 181 Extra"]
[Source "ChessBase"]
[SourceDate "2017.12.12"]
[SourceVersion "1"]
[SourceVersionDate "2017.12.12"]
[SourceQuality "1"]

1. d4 Nf6 2. c4 c5 3. Nf3 cxd4 4. Nxd4 Nc6 5. Nc3 e6 6. g3 Qb6 7. Ndb5 d5 8. Bg2 d4 9. Ne4 Nxe4 10. Bxe4 e5 11. 0-0 Bh3 12. Re1 0-0-0 13. a4 Kb8 14. Bd2 a6 15. a5 Qc5 16. Na3 f5 17. Bg2 Bxg2 18. Kxg2 h5 19. f3 h4 20. Rb1 hxg3 21. hxg3 d3 22. exd3 Rh2+ 23. Kxh2 Qf2+ 24. Kh1 Bc5 0-1

[Event "Raskazovo"]
[Site "Raskazovo"]
[Date "2016.12.05"]
[Round "9"]
[White "Kravchenko, Alexander"]
[Black "Moiseenko, Vladimir"]
[Result "0-1"]
[WhiteElo "1924"]
[BlackElo "2272"]
[PlyCount "54"]
[EventDate "2016.11.29"]
[EventType "tourn"]
[EventRounds "9"]
[EventCountry "RUS"]
[EventCategory "3"]
[SourceTitle "EXT 2018"]
[Source "ChessBase"]
[SourceDate "2017.10.13"]
[SourceVersion "1"]
[SourceVersionDate "2017.10.13"]
[SourceQuality "1"]

1. e4 e5 2. Nf3 Nc6 3. Bb5 d6 4. d4 Bd7 5. Nc3 Nf6 6. 0-0 Be7 7. Bg5 exd4 8. Nxd4 0-0 9. Bxc6 bxc6 10. Qd3 Re8 11. f4 h6 12. Bxf6 Bxf6 13. Rae1 Qb8 14. b3 Qb6 15. Nce2 c5 16. e5 dxe5 17. fxe5 Bxe5 18. Qc4 cxd4 19. Qxf7+ Kh8 20. Qxd7 d3+ 21. Kh1 dxe2 22. Rxe2 Rf8 23. Qd1 Bd6 24. Ree1 Qa5 25. a4 Rxf1+ 26. Rxf1 Re8 27. g3 Re3 0-1

[Event "Raskazovo"]
[Site "Raskazovo"]
[Date "2016.11.30"]
[Round "2"]
[White "Kravchenko, Alexander"]
[Black "Zaitsev, Alexander"]
[Result "0-1"]
[WhiteElo "1924"]
[BlackElo "2506"]
[PlyCount "62"]
[EventDate "2016.11.29"]
[EventType "tourn"]
[EventRounds "9"]
[EventCountry "RUS"]
[EventCategory "3"]
[SourceTitle "EXT 2018"]
[Source "ChessBase"]
[SourceDate "2017.10.13"]
[SourceVersion "1"]
[SourceVersionDate "2017.10.13"]
[SourceQuality "1"]

1. e4 e5 2. Nf3 Nc6 3. Bb5 f5 4. d4 fxe4 5. Nxe5 Nxe5 6. dxe5 c6 7. Bc4 Qa5+ 8. Nc3 Qxe5 9. Bxg8 Rxg8 10. 0-0 d5 11. f3 Bd6 12. g3 Bh3 13. Re1 Bc5+ 14. Kh1 0-0-0 15. fxe4 dxe4 16. Qe2 Qf5 17. Be3 Bg4 18. Rf1 Bf3+ 19. Rxf3 exf3 20. Qf2 Bxe3 21. Qxe3 Qxc2 22. Qxf3 Rgf8 23. Qg4+ Kb8 24. Re1 Rde8 25. Qd1 Qxb2 26. Ne4 Qxa2 27. Kg1 Qd5 28. Nf2 a5 29. Rf1 Qxd1 30. Rxd1 a4 31. Ra1 b5 0-1

[Event "Pervomaisky Autumn"]
[Site "Pervomaisky"]
[Date "2016.10.04"]
[Round "7"]
[White "Zaitsev, Alexander"]
[Black "Kravchenko, Alexander"]
[Result "1-0"]
[WhiteElo "2504"]
[BlackElo "1939"]
[PlyCount "55"]
[EventDate "2016.09.30"]
[EventType "tourn"]
[EventRounds "13"]
[EventCountry "RUS"]
[EventCategory "3"]
[SourceTitle "EXT 2017"]
[Source "ChessBase"]
[SourceDate "2016.10.25"]
[SourceVersion "1"]
[SourceVersionDate "2016.10.25"]
[SourceQuality "1"]

1. e4 c5 2. d4 cxd4 3. c3 dxc3 4. Nxc3 Nc6 5. Nf3 e5 6. Bc4 h6 7. Qb3 Qe7 8. Nd5 Qd6 9. 0-0 Na5 10. Qc3 Nc6 11. b4 a6 12. Nb6 Rb8 13. Bb2 Nf6 14. Nxe5 Nxe5 15. Qxe5+ Qxe5 16. Bxe5 d6 17. Bxf6 gxf6 18. Nxc8 Rxc8 19. Rac1 Rc7 20. Bd5 Kd8 21. a4 h5 22. f4 h4 23. Kf2 f5 24. Rxc7 Kxc7 25. Bxf7 fxe4 26. Bd5 Bg7 27. Ke3 Bc3 28. Rc1 1-0

[Event "Pervomaisky Autumn"]
[Site "Pervomaisky"]
[Date "2016.10.02"]
[Round "4"]
[White "Kravchenko, Alexander"]
[Black "Hasanzade, Toghrul Qasim Oglu"]
[Result "0-1"]
[WhiteElo "1939"]
[BlackElo "2350"]
[PlyCount "82"]
[EventDate "2016.09.30"]
[EventType "tourn"]
[EventRounds "13"]
[EventCountry "RUS"]
[EventCategory "3"]
[SourceTitle "EXT 2017"]
[Source "ChessBase"]
[SourceDate "2016.10.25"]
[SourceVersion "1"]
[SourceVersionDate "2016.10.25"]
[SourceQuality "1"]

1. e4 Nf6 2. Nc3 d5 3. e5 Nfd7 4. d4 e6 5. f4 c5 6. Nf3 Nc6 7. Be3 Be7 8. Qd2 a6 9. dxc5 Nxc5 10. Qf2 Qa5 11. Bd3 Na4 12. 0-0 Nxb2 13. Ne2 Nb4 14. Nc1 Bd7 15. Nd4 Rc8 16. f5 N2xd3 17. cxd3 exf5 18. a3 Nc6 19. Nxf5 Bxf5 20. Qxf5 0-0 21. e6 fxe6 22. Qxe6+ Kh8 23. Ne2 Bf6 24. Nf4 Rce8 25. Qh3 Kg8 26. Ne6 Rf7 27. Ng5 Bxg5 28. Bxg5 Qc5+ 29. Kh1 Qxa3 30. Rae1 Rxe1 31. Rxe1 h6 32. Bd2 Qf8 33. Qe6 Kh7 34. Kg1 Nd4 35. Qe5 Qc5 36. Be3 Re7 37. Qg3 Qc3 38. Bd2 Rxe1+ 39. Qxe1 Qxd3 40. h3 b5 41. Kh2 Qe4 0-1

[Event "Tula Rjazanov Memorial"]
[Site "Tula"]
[Date "2016.02.12"]
[Round "7"]
[White "Berenbein, Alexander"]
[Black "Kravchenko, Alexander"]
[Result "1-0"]
[WhiteElo "2115"]
[BlackElo "1925"]
[PlyCount "85"]
[EventDate "2016.02.05"]
[EventType "swiss"]
[EventRounds "9"]
[EventCountry "RUS"]
[SourceTitle "CBM 171 Extra"]
[Source "ChessBase"]
[SourceDate "2016.04.26"]
[SourceVersion "1"]
[SourceVersionDate "2016.04.26"]
[SourceQuality "1"]

1. c4 c6 2. Nc3 d5 3. d4 Nf6 4. cxd5 cxd5 5. Bf4 Nc6 6. e3 Bg4 7. f3 Bf5 8. g4 Bg6 9. h4 h6 10. h5 Bh7 11. Qb3 Qd7 12. Rc1 e6 13. Na4 Rc8 14. Bb5 Be7 15. Ne2 0-0 16. Kf2 Ne8 17. Nc5 Bxc5 18. Rxc5 Nd6 19. Rhc1 Nxb5 20. Qxb5 f6 21. Bg3 Rfd8 22. Nf4 Kf7 23. Qa4 Qe7 24. b4 e5 25. Nxd5 Qe6 26. b5 Rxd5 27. bxc6 Rxc5 28. Rxc5 bxc6 29. Qxa7+ Kg8 30. dxe5 Rd8 31. Qa4 Rd2+ 32. Kg1 Rxa2 33. Qxc6 Ra1+ 34. Kg2 Qxc6 35. Rxc6 Ra2+ 36. Kh3 f5 37. e6 fxg4+ 38. Kxg4 Ra8 39. Be5 Re8 40. e4 Kf8 41. Kf4 Ke7 42. Bxg7 Bg8 43. Kf5 1-0

[Event "Tula Rjazanov Memorial"]
[Site "Tula"]
[Date "2016.02.09"]
[Round "4"]
[White "Kravchenko, Alexander"]
[Black "Pugacheva, Natalia"]
[Result "0-1"]
[WhiteElo "1925"]
[BlackElo "1872"]
[PlyCount "74"]
[EventDate "2016.02.05"]
[EventType "swiss"]
[EventRounds "9"]
[EventCountry "RUS"]
[SourceTitle "CBM 171 Extra"]
[Source "ChessBase"]
[SourceDate "2016.04.26"]
[SourceVersion "1"]
[SourceVersionDate "2016.04.26"]
[SourceQuality "1"]

1. e4 c6 2. d4 d5 3. e5 Bf5 4. Bd3 Bxd3 5. Qxd3 e6 6. Nf3 Qb6 7. Nc3 c5 8. Be3 Nc6 9. 0-0 cxd4 10. Bxd4 Nxd4 11. Nxd4 Ne7 12. Qb5+ Qxb5 13. Ndxb5 Kd7 14. Nd6 f6 15. Nxb7 Nf5 16. exf6 gxf6 17. Na5 Bb4 18. Nb3 Bxc3 19. bxc3 Rac8 20. Rfe1 Rxc3 21. Re2 Rhc8 22. Rae1 e5 23. f4 e4 24. Rd2 Ke6 25. Ree2 R8c4 26. g4 Nh4 27. Kf1 Nf3 28. f5+ Kd6 29. Rd1 Rxc2 30. Nd2 Nxd2+ 31. Rexd2 Rxd2 32. Rxd2 d4 33. Ke2 Ke5 34. Rb2 Ra4 35. h3 Kf4 36. Kf2 d3 37. Ke1 e3 0-1

[Event "Tula Rjazanov Memorial"]
[Site "Tula"]
[Date "2016.02.07"]
[Round "2"]
[White "Kravchenko, Alexander"]
[Black "Zaitsev, Aleksey Vik"]
[Result "1-0"]
[WhiteElo "1925"]
[BlackElo "1806"]
[PlyCount "87"]
[EventDate "2016.02.05"]
[EventType "swiss"]
[EventRounds "9"]
[EventCountry "RUS"]
[SourceTitle "CBM 171 Extra"]
[Source "ChessBase"]
[SourceDate "2016.04.26"]
[SourceVersion "1"]
[SourceVersionDate "2016.04.26"]
[SourceQuality "1"]

1. e4 c5 2. Nf3 e6 3. Nc3 d5 4. exd5 exd5 5. Bb5+ Bd7 6. Qe2+ Be7 7. Nxd5 Bxb5 8. Qxb5+ Qd7 9. Nc7+ Kd8 10. Qxd7+ Kxd7 11. Nxa8 Nf6 12. d4 Nc6 13. Be3 Rxa8 14. dxc5 Ng4 15. 0-0-0+ Ke8 16. Rhe1 Nxe3 17. Rxe3 Kf8 18. Rd7 Bxc5 19. Re2 b6 20. Ng5 Be7 21. Nxh7+ Kg8 22. Rc7 Kxh7 23. Rxc6 Bc5 24. Rc7 Kg6 25. c3 a5 26. Kc2 Rd8 27. a3 a4 28. Ra7 f5 29. Rxa4 Kf6 30. b4 Bd6 31. Rd2 Ke6 32. Ra6 Bc7 33. Rxd8 Bxd8 34. a4 Kd7 35. Ra7+ Bc7 36. a5 bxa5 37. bxa5 g5 38. a6 Kc6 39. Rxc7+ Kxc7 40. Kd3 Kb6 41. Kd4 Kxa6 42. Ke5 f4 43. Kf5 f3 44. gxf3 1-0

[Event "Raskazovo"]
[Site "Raskazovo"]
[Date "2015.04.08"]
[Round "1"]
[White "Moiseenko, Vladimir"]
[Black "Kravchenko, Alexander"]
[Result "1/2-1/2"]
[WhiteElo "1890"]
[BlackElo "1890"]
[PlyCount "54"]
[EventDate "2015.04.08"]
[EventType "tourn"]
[EventRounds "11"]
[EventCountry "RUS"]
[SourceTitle "CBM 166 Extra"]
[Source "ChessBase"]
[SourceDate "2015.06.18"]
[SourceVersion "1"]
[SourceVersionDate "2015.06.18"]
[SourceQuality "1"]

1. e4 c5 2. Nf3 d6 3. Bb5+ Bd7 4. Bxd7+ Qxd7 5. 0-0 Nc6 6. c3 Nf6 7. Re1 e6 8. d4 cxd4 9. cxd4 d5 10. e5 Ne4 11. Nbd2 Nxd2 12. Bxd2 Be7 13. Rc1 0-0 14. Rc3 Rac8 15. a3 Rc7 16. Qc2 h6 17. Rc1 Rfc8 18. b4 Bd8 19. Qb3 Ne7 20. h3 b5 21. Kf1 a6 22. Rxc7 Rxc7 23. Rxc7 Qxc7 24. Qc3 Qxc3 25. Bxc3 Kf8 26. Ke2 Ke8 27. Kd3 Kd7 1/2-1/2

[Event "Bogoroditsk 07"]
[Site "Bogoroditsk"]
[Date "2013.07.06"]
[Round "6"]
[White "Kravchenko, Alexander"]
[Black "Moiseev, Viktor"]
[Result "0-1"]
[WhiteElo "1944"]
[BlackElo "2425"]
[PlyCount "94"]
[EventDate "2013.07.03"]
[EventType "tourn"]
[EventRounds "13"]
[EventCountry "RUS"]
[EventCategory "2"]
[SourceTitle "EXT 2014"]
[Source "ChessBase"]
[SourceDate "2013.11.20"]
[SourceVersion "1"]
[SourceVersionDate "2013.11.20"]
[SourceQuality "1"]

1. e4 e5 2. Nc3 Nf6 3. Bc4 Nxe4 4. Qh5 Nd6 5. Bb3 Nc6 6. Nb5 g6 7. Qf3 f5 8. Qd5 Qe7 9. Nxc7+ Kd8 10. Nxa8 b6 11. Nf3 Bb7 12. Nxb6 axb6 13. 0-0 Nd4 14. Nxd4 Bxd5 15. Bxd5 exd4 16. d3 Qf6 17. Bd2 Bg7 18. a4 Re8 19. a5 Nc8 20. a6 Na7 21. Bf4 b5 22. Rfc1 g5 23. Bd2 Qh6 24. Ba5+ Kc8 25. Bb4 Be5 26. g3 Bd6 27. Be1 Kd8 28. Ba5+ Bc7 29. Bb4 g4 30. Bf7 Re5 31. Re1 Rxe1+ 32. Bxe1 Qc6 33. Bd2 Kc8 34. Bb3 Kb8 35. Bb4 Bd6 36. Bd2 f4 37. gxf4 Qf3 38. Re1 Nc6 39. Bg8 Bxf4 40. Bxf4+ Qxf4 41. Bxh7 Ne5 42. Be4 Nf3+ 43. Bxf3 gxf3 44. Kh1 Qd2 45. Rf1 Qxc2 46. h3 Qe2 47. Kg1 Qxd3 0-1